| 000 | 01727nam0a2200361 4500 | ||
|---|---|---|---|
| 001 | RU\NLR\bibl\244282 | ||
| 005 | 20260405082135.0 | ||
| 010 |
_a5-86328-320-3 _9100 |
||
| 021 |
_aRU _b2001-58653 _92853 |
||
| 035 | _a(NLR Aleph) 000240144 | ||
| 090 |
_a1399416 _c1399416 |
||
| 100 | _a20020320d2001 |||y0rusy50 ca | ||
| 101 | 0 | _arus | |
| 102 | _aRU | ||
| 105 | _aa ||||||||| | ||
| 200 | 1 |
_aСистема управления базами данных Microsoft Assess 97 _eУчеб. пособие _fТ. А. Никифорова _gМ-во образования Рос. Федерации, Курган. гос. ун-т |
|
| 210 |
_aКурган _cИзд-во Курган. гос. ун-та _d2001 |
||
| 215 |
_a117 с. _cил. _d21 |
||
| 320 | _aБиблиогр.: с. 109 | ||
| 606 | 0 |
_aMICROSOFT ACCESS 97, система управления базами данных _jРуководства, пособия и т.п. для высшей школы _92077204 _3RU\NLR\auth\661252769 |
|
| 606 | 0 |
_aMICROSOFT ACCESS 97, система управления базами данных _jУчебные издания для высшей школы _92077204 _3RU\NLR\auth\661252769 |
|
| 610 | 0 | _aБазы данных - Управление | |
| 675 |
_a00465(075.8) _v3 _zrus |
||
| 686 |
_a50 _2rugasnti |
||
| 686 |
_a32.973.26-018.2я73 _2rubbk |
||
| 686 | _aЗ973.233-018.2я73-1 | ||
| 700 | 1 |
_4070 _8rus _7ca _aНикифорова _bТ. А. _cканд. пед. наук, информатика _gТатьяна Анатольевна _3RU\NLR\auth\7728892 _911921 |
|
| 801 | 0 |
_aRU _bRKP _c20020320 _gPSBO |
|
| 801 | 1 |
_aRU _bRKP _c20020320 |
|
| 801 | 2 |
_aRU _bNLR _c20051006 _grcr |
|
| 942 | _cBOOK | ||
| 980 | _aNB | ||